20 Capitales au hasard - Statistiques

Statistiques générales
  • Ce quiz a été pris 774 fois
  • Le résultat moyen est 17 sur 20
Statistiques - réponses
Hint Réponse % Correct
Japon Tokyo
97%
Belgique Bruxelles
96%
Irlande Dublin
96%
Russie Moscou
96%
Argentine Buenos Aires
94%
Finlande Helsinki
94%
Canada Ottawa
94%
Tunisie Tunis
93%
Danemark Copenhague
91%
Turquie Ankara
89%
Sénégal Dakar
83%
Corée Du Nord Pyongyang
80%
Liban Beyrouth
78%
Biélorussie Minsk
78%
Chili Santiago
78%
Bosnie-Herzégovine Sarajevo
75%
Afghanistan Kaboul
73%
Iran Teheran
70%
Irak Bagdad
68%
Slovaquie Bratislava
68%
Aucun quiz correspondant
Distribution des résultats
% des personnes avec chaque résultat
Percentile par nombre de réponses
Votre historique - résultats
Vous n’avez pas pris ce quiz